000 00626nam a22002057a 4500
999 _c358067
_d358067
003 IT-MiCISF
005 20181115161816.0
008 181115b ||||| |||| 00| 0 eng d
040 _cIT-MiCISF
041 _ait
100 _aCerisola Vignale Marilena (et al.)
_957446
245 _aQuale famiglia per il terzo millennio?
_bAtti del &° Convegno di studi, 30 novembre 2002
260 _aImperia
_bPro familia
_c2002
300 _app. 43
500 _afamiglia, società, massmedia, cambiamenti-famiglia
501 _aD'Alatri A., Rossi Sciumé G.
650 _afamiglia
_956036
654 _aatti
942 _2ddc
_cBK